<?xml version="1.0" encoding="UTF-8"?>
<record
    xmlns:xsi="http://www.w3.org/2001/XMLSchema-instance"
    xsi:schemaLocation="http://www.loc.gov/MARC21/slim http://www.loc.gov/standards/marcxml/schema/MARC21slim.xsd"
    xmlns="http://www.loc.gov/MARC21/slim">

  <leader>04407cam a22004214i 4500</leader>
  <controlfield tag="003">PE-LiUPU</controlfield>
  <controlfield tag="005">20250731183347.0</controlfield>
  <controlfield tag="008">080915s2007    gw ao   r     000 0 eng d</controlfield>
  <datafield tag="020" ind1=" " ind2=" ">
    <subfield code="a">3866540051</subfield>
  </datafield>
  <datafield tag="020" ind1=" " ind2=" ">
    <subfield code="a">9783866540057</subfield>
  </datafield>
  <datafield tag="035" ind1=" " ind2=" ">
    <subfield code="a">(Sirsi) i9783866540057</subfield>
  </datafield>
  <datafield tag="040" ind1=" " ind2=" ">
    <subfield code="a">PUJAV</subfield>
    <subfield code="b">spa</subfield>
    <subfield code="c">PUJAV</subfield>
    <subfield code="d">PE-LiUPU</subfield>
    <subfield code="e">rda</subfield>
  </datafield>
  <datafield tag="041" ind1="0" ind2=" ">
    <subfield code="a">eng</subfield>
    <subfield code="a">fre</subfield>
    <subfield code="a">ger</subfield>
    <subfield code="a">spa</subfield>
    <subfield code="a">ita</subfield>
  </datafield>
  <datafield tag="082" ind1="0" ind2="4">
    <subfield code="a">729.4 </subfield>
    <subfield code="b">C8</subfield>
    <subfield code="2">21</subfield>
  </datafield>
  <datafield tag="245" ind1="0" ind2="0">
    <subfield code="a">Contemporary color design /</subfield>
    <subfield code="c">editor Christiane Niemann.</subfield>
  </datafield>
  <datafield tag="264" ind1=" " ind2=" ">
    <subfield code="a">New-York :</subfield>
    <subfield code="b">Daab,</subfield>
    <subfield code="c">c2007.</subfield>
  </datafield>
  <datafield tag="300" ind1=" " ind2=" ">
    <subfield code="a">383 p&#xE1;ginas :</subfield>
    <subfield code="b">ilustraciones ;</subfield>
    <subfield code="c">24 cent&#xED;metros.</subfield>
  </datafield>
  <datafield tag="336" ind1=" " ind2=" ">
    <subfield code="a">text</subfield>
    <subfield code="2">rdacontent</subfield>
  </datafield>
  <datafield tag="337" ind1=" " ind2=" ">
    <subfield code="a">unmediated</subfield>
    <subfield code="2">rdamedia</subfield>
  </datafield>
  <datafield tag="338" ind1=" " ind2=" ">
    <subfield code="a">volume</subfield>
    <subfield code="2">rdacarrier</subfield>
  </datafield>
  <datafield tag="504" ind1=" " ind2=" ">
    <subfield code="a">&#xCD;ndice: p&#xE1;ginas 381-383.</subfield>
  </datafield>
  <datafield tag="505" ind1="0" ind2=" ">
    <subfield code="a">Yellow exhibition pavilion / 03 Munchen GbR, aavp architecture -- Indaten 355 A / and Base Paysagistes -- MQP, Maison de Quartier &amp; Biblioth&#xE9;que / aavp architecture -- RAG, Casa do Portugal / and Antonio VIRGA architecte, Architekten Prof. Arno Lederer -- Gustav von Schmoller School / J&#xF3;runn Ragnarsd&#xF3;ttir, Marc Oei -- Kirchgemeindezentrum (parish center) / Architektengemeinschaft Zimmerman -- Vajra Forest / Ryuichi Ashizawa Architects &amp; Associates -- GM1607 / AT 103 -- 2006Feb01; Fachmarktzentrum M-City / BEHF Architekten, Ebner Hasenauer Ferenczy ZT GmbH -- Foodbar Nama; Jazzclub Bix / Bottega + Ehrhardt Architekten, bogevischs buero -- Student dormitory Felsennelkenanger / Hofmann Ritzer Architekten bda, Carlos Martinez Architekten -- Citylounge St. Gallen / and Pipilotti Rist, CODE UNIQUE Architekten -- Computing faculty of TU Dresden / Architektengemeinschaft Zimmerman -- Concept pavilion for Titan Industries; Wrap-3 / Collaborative Architecture -- White Blue Black / Daigo Ishi + Future-scape Architects -- Day-Care Centre Skanderborggade / Dorte Mandrup Architects -- Sports and Culture Centre: Crystal / Dorte Mandrup Architects, B &amp; K+ Brandlhuber &amp; Co. -- Ludskolen School / Friis &amp; Moltke -- Camouflage House; Parts House Pavilion / Johnson Schmaling Architects -- Sale House / Johnston Marklee -- Deutshce Bank Lounge; Karim Rashid's Loft; Semiramis Hotel / Karim Rashid -- Wonderland Kindergarten / Ken Architekten BSA -- Penthouse A / Denis Kosutic -- Brillux-Administration Building and Customer Center; Freiherr-vom-Stein-Gymnansium / Kresing Architekten -- Momentum-St. Louis / The Lawrence Group Architects -- Heerema Marine Contractor / Lohmann's Architecture and Urban + Industrial Design -- head in / magma architecture -- Templestowe Primary School Multipurpose Hall / McBride Charles Ryan architecture + interior design -- Popakademie / Motorplan Architektur+Stadtplanung -- Netherlands Institute for Sound and Vision / Neutelings Riedijk Architecten -- Student Dormitory "Krabbesholm Art College" / Nervous in the Service -- Blue One Club; California Red Box Re-branding; Restaurant Golden Dynasty / Panorama International Ltd -- Rheinufergarage Mainz / Planungsgemeinschaft, Rheinufer Fischtorplatz-Kaisertorplatz -- Centralised Science Laboratories building at The Chinese University of HK / RMJM Hong Kong Ltd -- Montreal Convention Centre Expansion / Saia Barbarese Topouzanov architectes, Aedifica Inc -- Lassonde Building, School of Engineering / Saia Barbarese Topouzanov architectes, Menk&#xE9;s Shoner Dagenais L&#xE9;tourneux Architectes, Les Architectes Desnoyers Mercure et Associ&#xE9;s -- Felissimo2; Kid's Republic Bookstore; Lattice in Beijing / SKSK architects -- Blizard Building / SMC Alsop, Almec -- Ensemble Pinnasberg; red + green between Reeperbahn and Habor -- "let's have a ball" sportastic / STADTGUT Architekten -- Jewish Historical Museum; Agora Theatre / UNStudio.</subfield>
  </datafield>
  <datafield tag="526" ind1=" " ind2=" ">
    <subfield code="a">P158</subfield>
  </datafield>
  <datafield tag="526" ind1=" " ind2=" ">
    <subfield code="a">P146</subfield>
  </datafield>
  <datafield tag="526" ind1=" " ind2=" ">
    <subfield code="a">P17</subfield>
  </datafield>
  <datafield tag="526" ind1=" " ind2=" ">
    <subfield code="a">P12</subfield>
  </datafield>
  <datafield tag="526" ind1=" " ind2=" ">
    <subfield code="a">P06</subfield>
  </datafield>
  <datafield tag="541" ind1=" " ind2=" ">
    <subfield code="g">003-001195;</subfield>
  </datafield>
  <datafield tag="650" ind1="1" ind2="4">
    <subfield code="a">Diseo&#xF1;o industrial.</subfield>
  </datafield>
  <datafield tag="650" ind1="2" ind2="4">
    <subfield code="a">Color en el arte.</subfield>
  </datafield>
  <datafield tag="700" ind1="1" ind2=" ">
    <subfield code="a">Niemann, Christiane,</subfield>
    <subfield code="e">Editor</subfield>
  </datafield>
  <datafield tag="910" ind1=" " ind2=" ">
    <subfield code="a">jck</subfield>
    <subfield code="b">ebj</subfield>
    <subfield code="c">ebj</subfield>
    <subfield code="d">20160624</subfield>
  </datafield>
  <datafield tag="942" ind1=" " ind2=" ">
    <subfield code="2">ddc</subfield>
    <subfield code="c">BOOK</subfield>
  </datafield>
  <datafield tag="949" ind1=" " ind2=" ">
    <subfield code="a">729.4  C8</subfield>
    <subfield code="w">DEWEY</subfield>
    <subfield code="c">1</subfield>
    <subfield code="i">73786</subfield>
    <subfield code="l">CATALOGING</subfield>
    <subfield code="m">BUL</subfield>
    <subfield code="p">15.96</subfield>
    <subfield code="r">0</subfield>
    <subfield code="s">Y</subfield>
    <subfield code="t">BOOK</subfield>
    <subfield code="u">24/06/16</subfield>
    <subfield code="x">INGENIERIA</subfield>
    <subfield code="P">P06</subfield>
    <subfield code="o">.STAFF. Colecci&#xF3;n General</subfield>
    <subfield code="0">compra</subfield>
  </datafield>
  <datafield tag="994" ind1=" " ind2=" ">
    <subfield code="a">C0</subfield>
    <subfield code="b">PEPRU</subfield>
  </datafield>
  <datafield tag="596" ind1=" " ind2=" ">
    <subfield code="a">1</subfield>
  </datafield>
  <datafield tag="999" ind1=" " ind2=" ">
    <subfield code="a">729.4  C8</subfield>
    <subfield code="w">DEWEY</subfield>
    <subfield code="c">10156</subfield>
    <subfield code="i">73786</subfield>
    <subfield code="d">10156</subfield>
    <subfield code="f">2021-11-10</subfield>
    <subfield code="g">7</subfield>
    <subfield code="l">CCODEBUL1</subfield>
    <subfield code="m">BUL</subfield>
    <subfield code="p">15.96</subfield>
    <subfield code="q">2</subfield>
    <subfield code="r">0</subfield>
    <subfield code="s">Y</subfield>
    <subfield code="t">BOOK</subfield>
    <subfield code="u">2016-6-24</subfield>
    <subfield code="x">INGENIERIA</subfield>
    <subfield code="P">P06</subfield>
    <subfield code="0">COMPRA</subfield>
    <subfield code="o">.STAFF. Colecci&#xF3;n General</subfield>
  </datafield>
  <datafield tag="980" ind1=" " ind2=" ">
    <subfield code="8">1</subfield>
    <subfield code="g">ALBERTO SANCHEZ Responsable de Automatizaci&#xF3;n</subfield>
  </datafield>
  <datafield tag="952" ind1=" " ind2=" ">
    <subfield code="r">2025-12-03 00:00:00</subfield>
    <subfield code="i">8</subfield>
    <subfield code="l">0</subfield>
    <subfield code="o">729.4  C8</subfield>
    <subfield code="p">73786</subfield>
    <subfield code="t">e1</subfield>
    <subfield code="v">20.96</subfield>
    <subfield code="w">2016-06-24</subfield>
    <subfield code="x">FIA</subfield>
    <subfield code="y">BK</subfield>
    <subfield code="z">inventario-2023-12-13</subfield>
    <subfield code="1">0</subfield>
    <subfield code="2">ddc</subfield>
    <subfield code="5">0</subfield>
    <subfield code="7">0</subfield>
    <subfield code="8">GEN</subfield>
    <subfield code="f">P06</subfield>
    <subfield code="a">BUL</subfield>
    <subfield code="b">BUL</subfield>
    <subfield code="c">GEN</subfield>
    <subfield code="d">2016-06-24</subfield>
    <subfield code="e">COMPRA</subfield>
    <subfield code="g">15.96</subfield>
  </datafield>
</record>
